00211nam a2200085Ia 4500008004100000041000800041100001100049245003100060260003400091241105s9999 xx 000 0 und d aeng aPai R. aIntelligent Office Complex bFinal year B Arch, Punec2004